000
00237nam a22001097a 4500
082
_a
894.812.3
_b
KAN/A
245
_a
ATHIMARAVUM THATHAYUM
260
_a
THRISSUR
_b
H&C BOOKS
_c
2022
300
_a
48
650
_a
STORY
_z
THRISSUR
942
_c
BK
999
_c
6930
_d
6930